Al calor de la lectura IV : (Record no. 193519)

MARC details
000 -LEADER
campo de control de longitud fija 01782nam a2200349 i 4500
001 - NÚMERO DE CONTROL
campo de control 193519
003 - IDENTIFICADOR DE NÚMERO DE CONTROL
campo de control SpMaBN
005 - FECHA Y HORA DE LA ÚLTIMA TRANSACCIÓN
campo de control 20250712063142.0
007 - CAMPO FIJO DE DESCRIPCIÓN FÍSICA--INFORMACIÓN GENERAL
campo de control de longitud fija ta
008 - DATOS DE LONGITUD FIJA--INFORMACIÓN GENERAL
campo de control de longitud fija 240103s2020 sp | |||| 000 0dspa
017 ## - NÚMERO DE COPYRIGHT O DE DEPÓSITO LEGAL
Número de copyright o de depósito legal M 1657-2020
Agencia que asigna Oficina Depósito Legal Madrid
035 ## - NÚMERO DE CONTROL DEL SISTEMA
Número de control de sistema a6678797
040 ## - FUENTE DE CATALOGACIÓN
Centro catalogador/agencia de origen SpMaBN
Lengua de catalogación spa
Centro/agencia transcriptor SpMaBN
Normas de descripción rda
Centro/agencia modificador ES-MaACL
080 ## - NÚMERO DE LA CLASIFICACIÓN DECIMAL UNIVERSAL
Número de la Clasificación Decimal Universal 82.09
100 ## - ENTRADA PRINCIPAL--NOMBRE DE PERSONA
Nombre de persona Martínez-Conde, Ricardo,
Fechas asociadas al nombre 1949-
9 (RLIN) 234824
Término indicativo de función/relación Autor
245 10 - MENCIÓN DEL TÍTULO
Título Al calor de la lectura IV :
Resto del título reseñas literarias /
Mención de responsabilidad, etc. Ricardo Martínez ; prólogo, Alfredo Óvilo
250 ## - MENCION DE EDICION
Mención de edición Primera edición, 2020
264 #1 - PRODUCCIÓN, PUBLICACIÓN, DISTRIBUCIÓN, FABRICACIÓN Y COPYRIGHT
Producción, publicación, distribución, fabricación y copyright [Madrid] :
Nombre del de productor, editor, distribuidor, fabricante Editorial Ortigia,
Fecha de producción, publicación, distribución, fabricación o copyright [2020]
300 ## - DESCRIPCIÓN FÍSICA
Extensión 186 páginas ;
Dimensiones 21 cm
336 ## - TIPO DE CONTENIDO
Término de tipo de contenido Texto
Fuente rdacontent
337 ## - TIPO DE MEDIO
Nombre/término del tipo de medio sin mediación
Fuente rdamedia
338 ## - TIPO DE SOPORTE
Nombre/término del tipo de soporte volumen
Fuente rdacarrier
520 ## - RESUMEN, ETC.
Sumario, etc. Este libro recoge las reseñas que han aparecido en distintos medios en los que he colaborado.<br/>Ahí he ido dejando mis invitaciones al secreto arte de leer.<br/><br/>Tómalo así, pues, lector: como una invitación a la lectura. Esto es, como la sugerencia en favor<br/>del libro como un bien, pues él propicia, cuando menos, esa compañía discreta que todo<br/>solitario aprecia y que por discreción (¿a veces por orgullo?) no siempre se atreve a solicitar.<br/><br/>Ánimo, y buen provecho
650 #4 - PUNTO DE ACCESO ADICIONAL DE MATERIA--TÉRMINO DE MATERIA
Término de materia o nombre geográfico como elemento de entrada Literatura-
9 (RLIN) 14494
Subdivisión de forma Reseñas bibliográficas
655 #0 - TERMINO DE INDIZACIÓN--GENERO/FORMA
Datos o término principal de género/forma Reseñas bibliográficas
9 (RLIN) 234825
852 ## - LOCALIZACIÓN
Ubicación ES-MaACL
Sublocalización o colección R.154866
Ubicación en estantería Depósito J
Número de control de estantería N-9703
itemnumber 201000
Donativo/Legado Donación: editorial
Encuadernación Encuadernación rústica con solapas
942 ## - ELEMENTOS DE ENTRADA SECUNDARIOS (KOHA)
Suprimir en OPAC No
Tipo de ítem Koha Libro impreso
Holdings
Estatus retirado Estado de pérdida Fuente del sistema de clasificación o colocación Estado de daño No para préstamo Biblioteca de origen Biblioteca actual Ubicación en estantería Fecha de adquisición Fuente de adquisición Total de préstamos Signatura topográfica completa Código de barras Visto por última vez Precio de reemplazo Tipo de ítem Koha
    Clasificación decimal universal     Biblioteca del Ateneo de Madrid Biblioteca del Ateneo de Madrid Depósito J 21/11/2023 Donación   N-9703 101206280 03/01/2024 03/01/2024 Libro impreso